Primer centenari de Giacomo Leopardi, 1798-1837 / Casal de la Cultura ; [traducció: A. Maseres] A. Maseres]
Descripción Física:
15 p. ; 17 cm
Otros Autores:
Maseras, Alfons, tr
MARC
| LEADER | 00000nam a2200000Ia 4500 | ||
|---|---|---|---|
| 001 | 16427 | ||
| 008 | 160829s1937 xx 000 0 cat d | ||
| 080 | |a Q-277, exp. 103 | ||
| 245 | |a Primer centenari de Giacomo Leopardi, 1798-1837 / Casal de la Cultura ; [traducció: |b A. Maseres] | ||
| 260 | |a Barcelona : |b Casal de la Cultura, |c 1937 | ||
| 300 | |a 15 p. ; |c 17 cm | ||
| 590 | |a Conté: A Silva i Il sabato del villaggio. | ||
| 590 | |a Poemes en català i italià en pàgines encarades | ||
| 650 | |a Leopardi, Giacomo |x Aniversaris, etc. |9 48224 | ||
| 650 | |a Leopardi, Giacomo. A Silvia |9 48225 | ||
| 650 | |a Leopardi, Giacomo. Il sabato del villaggio |9 48226 | ||
| 700 | |a Maseras, Alfons, tr. |9 48228 | ||
| 710 | 2 | |a Casal de la Cultura (Barcelona, Catalunya) |9 55098 | |
| 901 | |a Arxiu | ||
| 942 | |n 1 | ||
| 952 | |0 0 |1 0 |4 0 |6 Q277_EXP_103 |7 1 |9 54406 |a Arxiu |b Arxiu |d 2016-12-01 |l 0 |o Q-277, exp. 103 |p 16427 |r 2016-12-01 00:00:00 |w 2016-12-01 |y ARXIU | ||
| 999 | |c 58275 |d 58275 | ||